Critical Theory and Empirical Critique in Mass Communication Research: Some Methodological Considerations (Record n. 43261)

Dettagli MARC
000 -LEADER
fixed length control field 01239nam a2200301Ia 4500
001 - CONTROL NUMBER
control field A6678
003 - CONTROL NUMBER IDENTIFIER
control field IT-RoPAU
008 - FIXED-LENGTH DATA ELEMENTS--GENERAL INFORMATION
fixed length control field 130308s9999 xx 000 0 und d
040 ## - CATALOGING SOURCE
Original cataloging agency IT-RoPAU
040 ## - CATALOGING SOURCE
Transcribing agency IT-RoPAU
041 ## - LANGUAGE CODE
Language code of text/sound track or separate title INGLESE
999 ## - SYSTEM CONTROL NUMBERS (KOHA)
Koha Dewey Subclass [OBSOLETE] SI
100 ## - MAIN ENTRY--PERSONAL NAME
Personal name Splichal Slavko
100 ## - MAIN ENTRY--PERSONAL NAME
Miscellaneous information Codice Aut. SPICS: 36085
245 ## - TITLE STATEMENT
Title Critical Theory and Empirical Critique in Mass Communication Research: Some Methodological Considerations
245 ## - TITLE STATEMENT
Remainder of title Communication Yearbook-12
250 ## - EDITION STATEMENT
Edition statement 1a ed.
260 ## - PUBLICATION, DISTRIBUTION, ETC. (IMPRINT)
Place of publication, distribution, etc. NEWBURY PARK
260 ## - PUBLICATION, DISTRIBUTION, ETC. (IMPRINT)
Name of publisher, distributor, etc. Sage Publications
260 ## - PUBLICATION, DISTRIBUTION, ETC. (IMPRINT)
Date of publication, distribution, etc. 1989 [1° Ed.:1989 - Ed.Ling.Originale:1989]
300 ## - PHYSICAL DESCRIPTION
Extent "18 p. (prefazione: no ; testo: 18 [pagine: 618-635])"
500 ## - GENERAL NOTE
General note Teoria Critica e Critica Empirica nella Ricerca Sulle comunicazioni di Massa. Considerazioni Metodologiche. tra Fatti di Morte e soggetti Fittizi. Ricerca Empirica Sulla Coscienza Ideologizzata. Metodo positivo e Critico. Dalla Quantità Alla Qualità nella Teoria e nella Ricerca. Studi Culturali: niente di Nuovo nella Dicotomia tra Tradizioni Amministrative e Critiche.
650 ## - SUBJECT ADDED ENTRY--TOPICAL TERM
Topical term or geographic name as entry element ENCICLOPEDIE DELLA COMUNICAZIONE SOCIALE
650 ## - SUBJECT ADDED ENTRY--TOPICAL TERM
Relator term Codice materia Spics: 3801
942 ## - ADDED ENTRY ELEMENTS (KOHA)
Koha item type LIBRO
957 ## -
-- 1
999 ## - SYSTEM CONTROL NUMBERS (KOHA)
-- 1
Dati di copia
Withdrawn status Lost status Damaged status Not for loan Home library Current library Date acquired Total Checkouts Full call number Date last seen Price effective from Koha item type Public note
    Buone Condizioni Not For Loan SPICS-MEDIATECA SPICS-MEDIATECA 08/03/2013   A6678 08/03/2013 08/03/2013 LIBRO Progressivo inserimento: 10959 / N. Volumi: 0 [=Contributo] Copie: 1 Copia Rara: SI / data import: 1 marzo 2013 - By Epidotti, Trombetti, Vaglietti.
CREDITS: SOCIETA' SAN PAOLO Via A.Severo, 58 - ROMA (RM) & PERIODICI SAN PAOLO SRL Via Giotto, 36 MILANO & CISF Via Giotto, 36 MILANO & EDIZIONI SAN PAOLO SRL,  Piazza Soncino, 5 CINISELLO BALSAMO (MI) -- ITALY